Análisis económico de los impuestos : (Registro nro. 7753)
[ vista simple ]
| 000 -LEADER | |
|---|---|
| fixed length control field | 01462nam a2200265Ia 4500 |
| 003 - CONTROL NUMBER IDENTIFIER | |
| control field | OSt |
| 005 - DATE AND TIME OF LATEST TRANSACTION | |
| control field | 20210513123217.0 |
| 008 - FIXED-LENGTH DATA ELEMENTS--GENERAL INFORMATION | |
| fixed length control field | 210310s1968 ag ad gr 001 0 spa d |
| 040 ## - CATALOGING SOURCE | |
| Original cataloging agency | CO-JMCR |
| Transcribing agency | CO-JMCR |
| 041 1# - LANGUAGE CODE | |
| Language code of text/sound track or separate title | spa |
| Language code of original | eng |
| 082 04 - DEWEY DECIMAL CLASSIFICATION NUMBER | |
| Classification number | 336.7 / |
| Item number | D852a |
| Edition number | 23 |
| 100 1# - MAIN ENTRY--PERSONAL NAME | |
| Personal name | Due, John Fitzgerald, |
| 9 (RLIN) | 15355 |
| Relator term | autor |
| 245 #0 - TITLE STATEMENT | |
| Title | Análisis económico de los impuestos : |
| Remainder of title | en el cuadro general de las finanzas públicas / |
| Statement of responsibility, etc. | John F. Due ; versión española supervisada, anotada y prologada por Enrique Jorge Reig |
| 250 ## - EDITION STATEMENT | |
| Edition statement | Segunda edición |
| 260 ## - PUBLICATION, DISTRIBUTION, ETC. | |
| Place of publication, distribution, etc. | Buenos Aires : |
| Name of publisher, distributor, etc. | El Ateneo, |
| Date of publication, distribution, etc. | 1968 |
| 300 ## - PHYSICAL DESCRIPTION | |
| Extent | xi, 613 páginas : |
| Other physical details | ilustraciones y gráficas a blanco y negro ; |
| Dimensions | 23 cm. |
| 500 ## - GENERAL NOTE | |
| General note | Incluye notas a pie de página e índice alfabético.<br/>Título original: Government Finance. An Economic Analysis |
| 504 ## - BIBLIOGRAPHY, ETC. NOTE | |
| Bibliography, etc. note | Referencias bibliográficas al final de cada capítulo. |
| 505 0# - FORMATTED CONTENTS NOTE | |
| Formatted contents note | Actividades y gastos estatales -- La financiación de los gastos públicos. Introducción -- La imposición a los réditos -- La imposición en función de los consumos -- Imposición a los bienes y transmisión de bienes -- Aspectos generales de las finanzas públicas -- El principio comercial -- El crédito público y la política fiscal |
| 546 ## - LANGUAGE NOTE | |
| Language note | Traducido del inglés. |
| 650 14 - SUBJECT ADDED ENTRY--TOPICAL TERM | |
| Topical term or geographic name entry element | Hacienda pública |
| 9 (RLIN) | 15357 |
| Geographic subdivision | Estados Unidos |
| 650 24 - SUBJECT ADDED ENTRY--TOPICAL TERM | |
| Topical term or geographic name entry element | Política fiscal |
| Geographic subdivision | Estados Unidos |
| 9 (RLIN) | 37603 |
| 700 1# - ADDED ENTRY--PERSONAL NAME | |
| Personal name | Reig, Enrique Jorge, |
| Relator term | traductor |
| 9 (RLIN) | 36765 |
| 942 ## - ADDED ENTRY ELEMENTS (KOHA) | |
| Source of classification or shelving scheme | Dewey Decimal Classification |
| Koha item type | Books |
| Withdrawn status | Lost status | Source of classification or shelving scheme | Damaged status | Not for loan | Collection code | Home library | Current library | Date acquired | Source of acquisition | Full call number | Barcode | Date last seen | Copy number | Koha item type |
|---|---|---|---|---|---|---|---|---|---|---|---|---|---|---|
| Dewey Decimal Classification | Non-fiction | Biblioteca Pública José María del Castillo y Rada | Biblioteca Pública José María del Castillo y Rada | 04/15/2018 | Donación | 336.7 / D852a | 430004514 | 05/16/2024 | Ej.1 | Books |